| 000 | 00352cam a2200145ua 4500 | ||
|---|---|---|---|
| 041 |
_aeng _h |
||
| 082 |
_a823.301 _bTHO/PR |
||
| 100 | _aThornley, G C . | ||
| 245 |
_aPractical Readers Stage Nice work / _cG C Thornley. _hTextual Documents |
||
| 260 |
_a : _bLongman , _c1963. |
||
| 300 | _a90 ; . | ||
| 504 | _a | ||
| 942 | _cBK | ||
| 999 |
_c3363 _d3363 |
||